000 00613nam a2200229Ia 4500
003 OSt
005 20220918202713.0
006 a|||||r|||| 00| 0
007 ta
008 220917b |||||||| |||| 00| 0 eng d
024 _a103,256
037 _cTextual
040 _aARTS
_cARTS
_beng
041 _2eng
_aeng
082 _aV2C726,1:72, J6 (EV)
100 _aSen Amulya Chandra
_9104971
245 0 _aAsoka edicts
260 _aCalcutta
_bIndian Pub Society
_c1956
650 _aHISTORY
942 _hV2C726,1:72, J6 (EV)
_cTEXL
_2CC
999 _c226681
_d226681